000
00322nam a2200133Ia 4500
008
150731s2006 xx 000 0 und d
082
_a
611
_b
M 06 B
100
_a
BHADHI KAR, D.
245
_a
M C Q S IN ANATOMY
250
_a
1 ST
260
_b
THE NATIONAL BOOK DEPT. MUMBAI
_c
2006
300
_a
300
942
_2
ddc
_c
BK
_0
16
999
_c
7963
_d
7963